| 000 | 00892nam a2200253Ia 4500 | ||
|---|---|---|---|
| 003 | OSt | ||
| 005 | 20220923211616.0 | ||
| 006 | a|||||r|||| 00| 0 | ||
| 007 | ta | ||
| 008 | 220922b |||||||| |||| 00| 0 hin d | ||
| 024 | _a7,797 | ||
| 037 | _cTextual | ||
| 040 |
_aARTS _cARTS _bhin |
||
| 041 |
_2hin _ahin |
||
| 082 | _aLBvE, 152M4 | ||
| 100 |
_aभटनागर, राजेन्द्रप्रकाश _9160999 |
||
| 245 | 0 | _aजैन आयुर्वेद का इतिहास | |
| 246 | _aJain āyurved kā itihāsa | ||
| 260 |
_aउदयपुर _b सूर्य प्रकाशन संस्थान _c1984 |
||
| 300 |
_a184पृ. _ccm. |
||
| 650 |
_aआयुर्वेद औषधी _9161000 |
||
| 942 |
_hLBvE, 152M4 _cTEXL _2CC |
||
| 999 |
_c301382 _d301382 |
||